[Event "Sao Paulo Carnaval op"]
[Site "Sao Paulo"]
[Date "2020.02.23"]
[Round "4"]
[White "Lima, Vinicius Taishun"]
[Black "Potasso Junior, Alvaro"]
[Result "1-0"]
[WhiteElo "1788"]
[BlackElo "1546"]
[PlyCount "100"]
[EventDate "2020.02.22"]
[EventType "swiss"]
[EventRounds "7"]
[EventCountry "BRA"]
[SourceTitle "CBM 195 Extra"]
[Source "ChessBase"]
[SourceDate "2020.05.31"]
[SourceVersion "1"]
[SourceVersionDate "2020.05.31"]
[SourceQuality "1"]

1. e4 e6 2. d3 d5 3. Nd2 Nf6 4. Ngf3 dxe4 5. dxe4 Bc5 6. h3 c6 7. g3 Qc7 8. c3 a5 9. Qc2 Qb6 10. Nb3 Be7 11. Be3 Qc7 12. Bf4 Qb6 13. Bg2 Nbd7 14. 0-0 Nh5 15. Be3 Qc7 16. Rad1 0-0 17. c4 c5 18. Nc1 b6 19. Qa4 Rd8 20. Ne2 Bb7 21. Nc3 Ne5 22. Nxe5 b5 23. Qxb5 Ba6 24. Rxd8+ Qxd8 25. Qb3 Qc7 26. Nf3 Rb8 27. Nb5 Qb7 28. e5 g6 29. Nfd4 Qd7 30. Nc6 Rb6 31. Rd1 Qe8 32. Nxe7+ Qxe7 33. Qd3 Bxb5 34. cxb5 f6 35. Qd8+ Qxd8 36. Rxd8+ Kf7 37. exf6 Rxb5 38. Rd7+ Kxf6 39. Rb7 Rxb7 40. Bxb7 c4 41. Ba6 c3 42. bxc3 Ke5 43. c4 Nf6 44. c5 Nd5 45. c6 Kd6 46. Bb7 e5 47. Ba7 Kc7 48. Kf1 a4 49. Ke1 Nb4 50. Kd2 Nxa2 1-0

[Event "Sao Paulo Hebraica op 27th"]
[Site "Sao Paulo"]
[Date "2020.01.10"]
[Round "1"]
[White "Batista, Renato Luiz"]
[Black "Potasso Junior, Alvaro"]
[Result "1-0"]
[WhiteElo "2193"]
[BlackElo "1596"]
[PlyCount "51"]
[EventDate "2020.01.10"]
[EventType "swiss"]
[EventRounds "6"]
[EventCountry "BRA"]
[SourceTitle "CBM 194 Extra"]
[Source "ChessBase"]
[SourceDate "2020.03.31"]
[SourceVersion "1"]
[SourceVersionDate "2020.03.31"]
[SourceQuality "1"]

1. e4 e6 2. d4 d5 3. Nd2 dxe4 4. Nxe4 Nf6 5. Nxf6+ Qxf6 6. Nf3 h6 7. Bd3 Bd6 8. Qe2 Nd7 9. Bd2 a6 10. 0-0-0 c6 11. Kb1 a5 12. g4 Bf4 13. Bc3 0-0 14. h4 c5 15. g5 hxg5 16. hxg5 Qe7 17. Qe4 f5 18. Qxf4 Kf7 19. dxc5 Qxc5 20. g6+ Ke8 21. Bxg7 Rg8 22. Bd4 Qf8 23. g7 Qf7 24. Ng5 e5 25. Bxe5 Qe7 26. Rh8 1-0

[Event "Registro op 10th"]
[Site "Registro"]
[Date "2019.08.03"]
[Round "5"]
[White "Da Rosa, Henrique Jaze Simoe"]
[Black "Potasso Junior, Alvaro"]
[Result "1-0"]
[WhiteElo "1675"]
[BlackElo "1607"]
[PlyCount "77"]
[EventDate "2019.08.01"]
[EventType "swiss"]
[EventRounds "7"]
[EventCountry "BRA"]
[SourceTitle "EXT 2020"]
[Source "ChessBase"]
[SourceDate "2019.10.17"]
[SourceVersion "1"]
[SourceVersionDate "2019.10.17"]
[SourceQuality "1"]

1. Nf3 Nf6 2. c4 c6 3. g3 g6 4. Bg2 Bg7 5. 0-0 d5 6. d3 0-0 7. Re1 Bf5 8. Nh4 Bg4 9. h3 Bc8 10. e4 dxe4 11. dxe4 e5 12. Nc3 Be6 13. b3 Qc8 14. Kh2 Nbd7 15. Bb2 Nh5 16. Nf3 h6 17. Qe2 Qc7 18. Rad1 Rae8 19. Ba3 c5 20. Nb5 Qb8 21. Nd6 Rd8 22. Qe3 b6 23. Nb5 Ndf6 24. Bb2 Nh7 25. Nc3 g5 26. Nd5 Rfe8 27. Qe2 g4 28. Nh4 Qc8 29. Nf5 Bxf5 30. exf5 gxh3 31. Bxh3 N5f6 32. Nxf6+ Nxf6 33. Bxe5 Rxd1 34. Qxd1 Kh8 35. Qa1 Kh7 36. Re3 Qd8 37. Bxf6 Bxf6 38. Rxe8 Qxe8 39. Qxf6 1-0

[Event "Registro op 10th"]
[Site "Registro"]
[Date "2019.08.01"]
[Round "1"]
[White "Shiraishi, William Makoto H"]
[Black "Potasso Junior, Alvaro"]
[Result "0-1"]
[WhiteElo "1776"]
[BlackElo "1607"]
[PlyCount "98"]
[EventDate "2019.08.01"]
[EventType "swiss"]
[EventRounds "7"]
[EventCountry "BRA"]
[SourceTitle "EXT 2020"]
[Source "ChessBase"]
[SourceDate "2019.10.17"]
[SourceVersion "1"]
[SourceVersionDate "2019.10.17"]
[SourceQuality "1"]

1. c4 Nf6 2. Nf3 d6 3. d4 g6 4. Nc3 Bg7 5. e3 0-0 6. h3 Re8 7. Be2 Nbd7 8. 0-0 e5 9. dxe5 dxe5 10. e4 b6 11. Bg5 Bb7 12. Qc2 Qc8 13. Rad1 Nc5 14. Bxf6 Bxf6 15. Nd5 Bg7 16. Rfe1 c6 17. Nc3 Ne6 18. Bd3 Nf4 19. Kh2 h6 20. Ne2 Ne6 21. Nc3 Rd8 22. Ne2 Rd6 23. b4 Qf8 24. Qb3 Rad8 25. a3 c5 26. b5 Qe7 27. Bb1 Nd4 28. Nfxd4 exd4 29. Qd3 Re6 30. f3 Re8 31. Nf4 Be5 32. g3 Bxf4 33. gxf4 f5 34. e5 Qh4 35. Qd2 Bxf3 36. Rc1 Rf8 37. Rf1 Bb7 38. Qf2 Qxf2+ 39. Rxf2 Be4 40. Rd1 Kh7 41. Kg3 Rfe8 42. h4 g5 43. hxg5 hxg5 44. Rh2+ Rh6 45. Rxh6+ Kxh6 46. Bd3 Kg6 47. Rd2 Rh8 48. Bxe4 fxe4 49. Rf2 Rf8 0-1

[Event "BRA-ch Amateur U1800"]
[Site "Sao Paulo"]
[Date "2019.06.22"]
[Round "6"]
[White "Martins de Aguiar, Marina"]
[Black "Potasso Junior, Alvaro"]
[Result "1-0"]
[WhiteElo "1724"]
[BlackElo "1606"]
[PlyCount "67"]
[EventDate "2019.06.20"]
[EventType "swiss"]
[EventRounds "7"]
[EventCountry "BRA"]
[SourceTitle "CBM 195 Extra"]
[Source "ChessBase"]
[SourceDate "2020.05.31"]
[SourceVersion "1"]
[SourceVersionDate "2020.05.31"]
[SourceQuality "1"]

1. e4 e6 2. d4 d5 3. Nc3 c5 4. exd5 exd5 5. dxc5 d4 6. Bb5+ Nc6 7. Qe2+ Be6 8. Ne4 Be7 9. Nf3 Nf6 10. 0-0 0-0 11. Bg5 Bd5 12. Nxf6+ Bxf6 13. Bxf6 Qxf6 14. Qd3 Rad8 15. a3 a6 16. Bc4 Bxf3 17. Qxf3 Qxf3 18. gxf3 Ne5 19. Be2 Rc8 20. b4 Rc6 21. Rad1 Rd8 22. Rd2 Rf6 23. Rfd1 Rf4 24. Kg2 g5 25. c3 Nc6 26. cxd4 Rfxd4 27. Rxd4 Nxd4 28. Rd2 h5 29. h3 Kg7 30. Bd1 Kf6 31. Rd3 Ke7 32. Re3+ Kf6 33. Ba4 Nf5 34. Rd3 1-0

[Event "Hebraica op 26th"]
[Site "Hebraica"]
[Date "2019.01.12"]
[Round "3"]
[White "Funayama S A, Yuri"]
[Black "Potasso Junior, Alvaro"]
[Result "0-1"]
[WhiteElo "1638"]
[BlackElo "1828"]
[PlyCount "62"]
[EventDate "2019.01.11"]
[EventType "swiss"]
[EventRounds "6"]
[EventCountry "BRA"]
[SourceTitle "EXT 2020"]
[Source "ChessBase"]
[SourceDate "2019.10.17"]
[SourceVersion "1"]
[SourceVersionDate "2019.10.17"]
[SourceQuality "1"]

1. d4 f5 2. c4 Nf6 3. Nc3 e6 4. Bf4 Bb4 5. e3 0-0 6. h3 c6 7. Nge2 d5 8. a3 Ba5 9. b4 Bc7 10. Bxc7 Qxc7 11. Nc1 f4 12. exf4 Qxf4 13. Be2 dxc4 14. g3 Qd6 15. Bxc4 Nd5 16. N1e2 b5 17. Bb3 Nd7 18. Ne4 Qe7 19. Rc1 Bb7 20. 0-0 a5 21. Rb1 axb4 22. axb4 Nxb4 23. Nc5 Nxc5 24. dxc5 Nd5 25. Qd4 Rad8 26. Rfc1 Nf4 27. Qxf4 Rxf4 28. Nxf4 Bc8 29. Rb2 Kh8 30. Nxe6 Bxe6 31. Re2 Qg5 0-1